| 000 | 00961nam a22002417a 4500 | ||
|---|---|---|---|
| 999 |
_c64904 _d64904 |
||
| 005 | 20240530110757.0 | ||
| 008 | 190110s2017 ua f f 000 0 ara d | ||
| 017 |
_a2017/16231 _bمصر. دار الكتب |
||
| 020 | _a9789779113913 | ||
| 040 |
_aEG-CaGPL _cEG-CaGPL |
||
| 082 | 0 | 4 |
_221 _a791.4361 / _bق/أ إ |
| 100 | 0 | _aاحمد فؤاد درويش | |
| 245 | 1 | 2 |
_aالابداع من التشكيل الى السينما : _bتاملات فى السينما الوثائقية المصرية / _cاحمد فؤاد درويش |
| 250 | _aط.1 | ||
| 260 |
_aالقاهرة : _bالهيئة المصرية العامة للكتاب، _c2017. |
||
| 300 |
_a100 + 8 ص. : _bلوحات ؛ _c20 سم. |
||
| 490 | 0 |
_aسلسلة ذاكرة الفنون ؛ _v20. |
|
| 650 | 0 | 7 |
_2qrmak _aالسينما _zمصر |
| 650 | 0 | 7 |
_2qrmak _aالابداع الادبى والفنى |
| 651 | _2qrmak | ||
| 942 |
_2ddc _cBK |
||